The Indian Penal Code/ (Record no. 199940)
[ view plain ]
| 000 -LEADER | |
|---|---|
| fixed length control field | 00805nam a22001937a 4500 |
| 005 - DATE AND TIME OF LATEST TRANSACTION | |
| control field | 20240103162214.0 |
| 010 ## - LCCN (DPL NO) | |
| LC control number | B-757048-050 ENG |
| 020 ## - INTERNATIONAL STANDARD BOOK NUMBER | |
| Terms of availability | 855.00 |
| International Standard Book Number | 9788195724130 |
| 035 ## - SYSTEM CONTROL NUMBER | |
| System control number | B-757048-050 |
| 037 ## - SOURCE OF ACQUISITION | |
| Source of stock number/acquisition | LG Pub.Dist. |
| 082 ## - DEWEY DECIMAL CLASSIFICATION NUMBER | |
| Classification number | 342.540853 |
| 100 ## - MAIN ENTRY--PERSONAL NAME | |
| Personal name | Joshi, Man Mohan |
| 245 ## - TITLE STATEMENT | |
| Title | The Indian Penal Code/ |
| Statement of responsibility, etc | Man Mohan Joshi |
| 260 ## - PUBLICATION, DISTRIBUTION, ETC. (IMPRINT) | |
| Place of publication, distribution, etc | New Delhi |
| Name of publisher, distributor, etc | Integrity Education |
| Date of publication, distribution, etc | 2022 |
| 270 ## - ADDRESS | |
| City | New Delhi |
| Address | First Floor, 4598/12-B, 1st Floor, Padam Chand Marg, Daryaganj, |
| Postal code | 110002 |
| 300 ## - PHYSICAL DESCRIPTION | |
| Extent | 672p. |
| Dimensions | 24cm(pbk) |
| 942 ## - ADDED ENTRY ELEMENTS (KOHA) | |
| Source of classification or shelving scheme | Dewey Decimal Classification |
| Item type | English Books |
| Classification part | 342.540853 |
| Call number suffix | JOS |
| Withdrawn status | Lost status | Not for loan | Collection code | Home library | Current library | Date acquired | Source of acquisition | Cost, normal purchase price | Full call number | Barcode | Copy number | Cost, replacement price | Koha item type |
|---|---|---|---|---|---|---|---|---|---|---|---|---|---|
| Non-fiction | Ashok Vihar | Ashok Vihar | 03/01/2024 | LG Pub.Dist./L-274/11.12.23/58/25.12.23/14.12.23 | 855.00 | 342.540853 JOS | B-757049 | 1 | 855.00 | English Books | |||
| Non-fiction | Central Library | Central Library | 03/01/2024 | LG Pub.Dist./L-274/11.12.23/58/25.12.23/14.12.23 | 855.00 | 342.540853 JOS | B-757048 | 1 | 855.00 | English Books | |||
| Non-fiction | Patel Nagar | Patel Nagar | 03/01/2024 | LG Pub.Dist./L-274/11.12.23/58/25.12.23/14.12.23 | 855.00 | 342.540853 JOS | B-757050 | 1 | 855.00 | English Books |
